Catálogo
 En Linea

Historia de Ahila : (Registro nro. 40108)

Detalles MARC
000 -CABECERA
campo de control de longitud fija 01303nam a2200265 a 4500
001 - NÚMERO DE CONTROL
campo de control 000040618
005 - FECHA Y HORA DE LA ÚLTIMA TRANSACCIÓN
campo de control 20201002034245.0
008 - DATOS DE LONGITUD FIJA--INFORMACIÓN GENERAL
campo de control de longitud fija 130904s2008 sp 000 0 spa d
020 ## - NÚMERO INTERNACIONAL ESTÁNDAR DEL LIBRO
Número Internacional Estándar del Libro 9788484893783
040 ## - FUENTE DE LA CATALOGACIÓN
Centro catalogador/agencia de origen DO-SdBNP
Lengua de catalogación spa
-- NPHU
245 00 - MENCIÓN DE TÍTULO
Título Historia de Ahila :
Resto del título perfil de la Asociación de Historiadores Latinoamericanistas Europeos (1969-2008) /
Mención de responsabilidad, etc. Laura Giraudo ; con textos de Magnus Mörner, Adam Anderle y John Fisher, y entrevista a Francisco Morales Padrón.
260 ## - PUBLICACIÓN, DISTRIBUCIÓN, ETC.
Lugar de publicación, distribución, etc. Madrid :
Nombre del editor, distribuidor, etc. Iberoamericana ; Frankfurt am Main : Vervuert,
Fecha de publicación, distribución, etc. 2008.
300 ## - DESCRIPCIÓN FÍSICA
Extensión 210 p. ;
Dimensiones 22 cm.
490 1# - MENCIÓN DE SERIE
Mención de serie Estudios de historia de latinoamericana
490 1# - MENCIÓN DE SERIE
Mención de serie Estudios Ahila
500 ## - NOTA GENERAL
Nota general Estudios Ahila de Historia Latinoamericana es la continuación de Cuadernos de Historia Latinoamericana (AHILA) En portada: Asociación de Historiadores Latinoamericanistas Europeos
504 ## - NOTA DE BIBLIOGRAFÍA, ETC.
Nota de bibliografía, etc. Incluye referencias bibliográficas y notas al pie de las páginas
700 1# - PUNTO DE ACCESO ADICIONAL--NOMBRE DE PERSONA
Nombre de persona Mörner, Magnus
9 (RLIN) 66960
700 1# - PUNTO DE ACCESO ADICIONAL--NOMBRE DE PERSONA
Nombre de persona Anderle, Adam
9 (RLIN) 66961
700 1# - PUNTO DE ACCESO ADICIONAL--NOMBRE DE PERSONA
Nombre de persona Fisher, John Robert
Fechas asociadas al nombre 1946-
9 (RLIN) 66962
700 1# - PUNTO DE ACCESO ADICIONAL--NOMBRE DE PERSONA
Nombre de persona Morales Padrón, Francisco
9 (RLIN) 15719
710 2# - PUNTO DE ACCESO ADICIONAL--NOMBRE DE ENTIDAD CORPORATIVA
Nombre de entidad corporativa o nombre de jurisdicción como elemento de entrada Asociación de Historiadores Latinoamericanistas Europeos
9 (RLIN) 66963
830 #0 - PUNTO DE ACCESO ADICIONAL DE SERIE-TÍTULO UNIFORME
Título uniforme Estudios de historia de latinoamericana
9 (RLIN) 66964
830 #0 - PUNTO DE ACCESO ADICIONAL DE SERIE-TÍTULO UNIFORME
Título uniforme Estudios Ahila
9 (RLIN) 66965
Existencias
Estado de retiro Estado de pérdida Restricciones de uso No para préstamo Código de colección Localización permanente Ubicación/localización actual Ubicación en estantería Fecha de adquisición Número de inventario Total de préstamos Signatura topográfica completa Código de barras Fecha visto por última vez Precio válido a partir de Tipo de ítem Koha
      Excluido de préstamo Monografías: Libros y Folletos General General En catalogación 04.09.2013 LF1   40618-10 25.06.2020 25.06.2020 No se presta

Con tecnología Koha